| 000 | 01038nam a22001937a 4500 | ||
|---|---|---|---|
| 999 |
_c62001 _d62001 |
||
| 003 | Ge_BSU | ||
| 005 | 20240620112836.0 | ||
| 008 | 240620s1957 ge ||||| |||| 00| 0 geo d | ||
| 041 | _ageo | ||
| 080 | _a615.9 ა-65 | ||
| 100 |
_aანდღულაძე, ვ. _922513 |
||
| 245 |
_aმომწამვლელი ნივთიერებებით დაზიანებათა პათოლოგია და თერაპია : _b[დამხმ. სახელმძღვ. მედ. ინ-ტებისათვის] / _c ვ. ანდღულაძე. |
||
| 250 | _aშესწ. და გადამუშ. მე-3 გამოც | ||
| 264 |
_aთბილისი : _bსაქმედგამი, _c1957. |
||
| 300 |
_a207 გვ. : _bილ. ; _c22 სმ. |
||
| 653 | _aმომწამვლელი ნივთიერებებით დაზიანებები. | ||
| 700 |
_aგომელაური, ლ. _eრედაქტორი _922514 |
||
| 942 |
_2udc _cBK |
||